เปลี่ยนเป็นภาษาไทย

Change to English
 แสดงรายละเอียดบรรณานุกรม
  กลับหน้าหลัก

Brief Record : Get Marc (ISO 2709) : E-mail record : QR code ปิดหน้าต่าง
LEADER 00000nam 2200000uu 4500
001    17645
003     ULIBM
008    020711s2527 th a 000 0 tha d
020    974-7111-76-4
100    คณิต ครุฑหงษ์
245    มวยไทเก็ก
260    กรุงเทพฯ :^bเอ็น ที พี การพิมพ์,^c2527
300    101 หน้า
รายการนี้ยังไม่มีแท็ก
คุณยังไม่ได้ล็อกอิน คุณสามารถมีกิจกรรมร่วมกับเว็บไซต์ได้ แต่ต้องล็อกอินก่อน ::
  ล็อกอิน
ลำดับที่ ประเภท เลขเรียก/บาร์โค้ด สถานที่ สถานะ
1. หนังสือ
หนังสือ
2527  
  Barcode: 0002999
หนังสือทั่วไป On Shelf
   [แสดง 1/1 รายการ]

BibComment


ยังไม่เคยถูกคอมเมนท์

คอมเมนท์ทรัพยากรรายการนี้
  คอมเมนท์: มวยไทเก็ก
Bib 17645


 Union Library Management : ULibM
Copyright 2026. All Rights Reserved.